Paroles - Comateen - Indochine - Statistiques

Statistiques générales
  • Ce quiz a été pris 4 fois
  • Le résultat moyen est 212 sur 244
Statistiques - réponses
Réponse % Correct
A
100%
brutals
100%
ce
100%
c'est
100%
c'était
100%
comme
100%
Comme
100%
dans
100%
de
100%
Découvrir
100%
deviner
100%
d'extraordinaire
100%
difficile
100%
disais
100%
elle
100%
est
100%
Et
100%
et
100%
faisais
100%
fier
100%
fragile
100%
Je
100%
je
100%
le
100%
les
100%
Les
100%
Mais
100%
mais
100%
me
100%
Même
100%
m'entend
100%
moi
100%
Oh
100%
oh
100%
Oui
100%
Parfois
100%
parmi
100%
quand
100%
que
100%
Que
100%
reviendra
100%
rien
100%
sent
100%
seras
100%
seule
100%
si
100%
Si
100%
souviens
100%
suis
100%
toi
100%
tombée
100%
tout
100%
trop
100%
Tu
100%
tu
100%
vrai
100%
air
75%
allées
75%
aussi
75%
bientôt
75%
Bientôt
75%
blanc
75%
bras
75%
comment
75%
corps
75%
crystals
75%
dehors
75%
diras
75%
dites
75%
en
75%
faire
75%
fermés
75%
j'aimais
75%
J'espère
75%
jour
75%
Jusqu'à
75%
La
75%
la
75%
mauvaise
75%
mes
75%
moment
75%
nous
75%
pose
75%
pour
75%
qu'un
75%
respirer
75%
réveilleras
75%
sauras
75%
sur
75%
Te
75%
te
75%
t'emporterai
75%
tenir
75%
ton
75%
un
75%
vas
75%
vie
75%
vis
75%
voir
75%
yeux
75%
ça
50%
combien
50%
crois
50%
été
50%
Invisibles
50%
Juste
50%
lèvres
50%
Maintenant
50%
m'endors
50%
Montre
50%
ne
50%
n'ont
50%
nos
50%
notre
50%
nuit
50%
oublies
50%
pas
50%
personne
50%
qui
50%
Qu'ils
50%
regarderas
50%
remplacera
50%
reviendras
50%
sais
50%
s'enfuit
50%
signe
50%
t'endors
50%
tôt
50%
tous
50%
unies
50%
verras
50%
Aucun quiz correspondant
Distribution des résultats
% des personnes avec chaque résultat
Percentile par nombre de réponses
Votre historique - résultats
Vous n’avez pas pris ce quiz